=LDR 00000nam 2200000 4500 =001 INLIS000000000028805 =005 20130612131102 =008 ***********************************Ind** =035 ##$$0010-061300000028805 =041 ##$$a Ind =082 ##$$a F Rom D =090 ##$$a F Rom D, Atm a =100 ##$$a Atmowiloto, Arswendo =245 ##$$a Atmowiloto, Arswendo =260 ##$$a Eko Endar Moko $b Auk =300 ##$$a iv, 170 hlm, 19 cm =650 ##$$a Fiksi Dewasa Indonesia =700 ##$$a Endarmoko Eko =850 ##$$a NBPNMAT